Culture Générale - Série 2647 - Statistiques

Statistiques générales
  • Ce quiz a été pris 49 fois
  • Le résultat moyen est 4 sur 10
Statistiques - réponses
Question Réponse % Correct
Quelle mer se situe entre la Grèce et la Turquie ? Egée
73%
Dans quelle ville espagnole se trouve l'Alhambra, palais médiéval fortifié ? voir photo Grenade
64%
Sous quel nom de scène connait-on mieux Roger Marie François Jouret, né en 1954 à Bruxelles, surtout connu pour la chanson Ça plane pour moi ? Plastic Bertrand
59%
De quel pays le vin appelé retsina est-il une spécialité ? Grèce
36%
Quel peintre (1840-1926) a peint plus de 30 fois la célèbre cathédrale de Rouen ? prénom et nom Claude Monet
30%
Dans quel état des Etats Unis se trouve la ville de Kansas City ? Missouri
27%
Dans quel département se situe le chemin des dames, théâtre de plusieurs batailles meurtrières de la Première Guerre mondiale ? Aisne
25%
Animal d'Amérique du Sud ressemblant au cochon, mais au pelage brun-gris - 6 lettres pécari
20%
Quel prénom porté par l'acteur révélé à l'âge de 13 ans dans le film "La vie est un long fleuve tranquille" signifie en vieux français "bon et doux" ? Benoit
18%
Le freesia est un genre d'espèces de plantes monocotylédones à bulbe originaire d'Afrique du Sud, cultivé pour ses fleurs très odorantes, aux couleurs variées. Il est appelé "muguet du ... Cap
7%
Aucun quiz correspondant
Distribution des résultats
% des personnes avec chaque résultat
Percentile par nombre de réponses
Votre historique - résultats
Vous n’avez pas pris ce quiz